000
00198pam a2200097 a 4500
020
_c
041
_a
eng
100
_a
Becker, Hardin.
245
_a
The Word of Cell
_h
Textual Documents
930
_a
7119
999
_c
84030
_d
84030